Gaming Quiz

Random Gaming or Video Games Quiz

Ubisoft Games Quiz Stats

 Plays Quiz not verified by Sporcle

Score 0/26 Timer 06:00
0 Plays Today
% Correct
South Park: The Stick of Truth
86.8%
Assassin's Creed Origins
80.2%
Rayman Origins
78%
Prince of Persia: The Forgotten Sands
72.5%
James Cameron's Avatar: The Game
71.4%
The Adventures of Tintin: The Secret of the Unicorn
69.2%
Far Cry Primal
68.1%
Watch Dogs
65.9%
Just Dance 2017
63.7%
Tom Clancy's The Division 2
44%
F1 Racing Championship
41.8%
Myst III: Exile
33%
Call of Juarez: Bound in Blood
33%
% Correct
Child of Light
31.9%
Tom Clancy's Rainbow Six: Rogue Spear
30.8%
The Settlers IV
20.9%
Heroes of Might and Magic III
20.9%
Anno 1404
17.6%
Grandia 2
15.4%
Chessmaster 10th Edition
15.4%
Driver: San Francisco
14.3%
World in Conflict
8.8%
Asghan: The Dragon Slayer
6.6%
Sub Culture
6.6%
Theocracy
5.5%
Outland
4.4%

You're not logged in!

Compare scores with friends on all Sporcle quizzes.
OR
Log In

You Might Also Like...

Show Comments

Extras

Top Quizzes Today


Score Distribution

Your Account Isn't Verified!

In order to create a playlist on Sporcle, you need to verify the email address you used during registration. Go to your Sporcle Settings to finish the process.

Report this User

Report this user for behavior that violates our Community Guidelines.

Details: